County Seats Of South Dakota - Statistics

General Stats
  • This quiz has been taken 49 times
  • The average score is 30 of 66
Answer Stats
County Seat % Correct
Hughes Pierre
94%
Pennington Rapid City
89%
Minnehaha Sioux Falls
89%
Brown Aberdeen
83%
______ Custer
78%
Meade Sturgis
72%
Clay Vermillion
72%
Fall River Hot Springs
67%
Tripp Winner
67%
_______ Yankton
67%
_________ Brookings
61%
Lawrence Deadwood
61%
Stanley Fort Pierre
61%
Beadle Huron
61%
Davison Mitchell
61%
Codington Watertown
61%
Butte Belle Fourche
56%
Brule Chamberlain
56%
Moody Flandreau
56%
Grant Milbank
56%
Roberts Sisseton
56%
Harding Buffalo
50%
Kingsbury De Smet
50%
Lake Madison
50%
Hand Miller
50%
*Oglala Lakota(Name largest community) *Pine Ridge
50%
Day Webster
50%
Perkins Bison
44%
Marshall Britton
44%
Lincoln Canton
44%
_____ Clark
44%
Deuel Clear Lake
44%
Union Elk Point
44%
Faulk Faulkton
44%
Charles Mix Lake Andes
44%
Jones Murdo
44%
Bon Homme Tyndall
44%
Douglas Armour
39%
*Todd(Name largest community) *Mission
39%
Aurora Plankinton
39%
Spink Redfield
39%
McCook Salem
39%
Jerauld Wessington Springs
39%
Potter Gettysburg
33%
Hamlin Hayti
33%
Lyman Kennebec
33%
Corson McIntosh
33%
Turner Parker
33%
Haakon Philip
33%
Dewey Timber Lake
33%
Mellette White River
33%
Hanson Alexandria
28%
Ziebach Dupree
28%
Buffalo Gann Valley
28%
Hyde Highmore
28%
Miner Howard
28%
Edmunds Ipswich
28%
Jackson Kadoka
28%
McPherson Leola
28%
Sanborn Woonsocket
28%
Gregory Burke
22%
Bennett Martin
22%
Sully Onida
22%
Campbell Mound City
17%
Hutchinson Olivet
17%
Walworth Selby
17%
No matching quizzes found
Score Distribution
Percent of People with Each Score
Percentile by Number Answered
Your Score History
You have not taken this quiz